Business organisation and management (Record no. 108050)

MARC details
000 -LEADER
fixed length control field 00508nam a2200205Ia 4500
003 - CONTROL NUMBER IDENTIFIER
control field OSt
005 - DATE AND TIME OF LATEST TRANSACTION
control field 20250814095329.0
008 - FIXED-LENGTH DATA ELEMENTS--GENERAL INFORMATION
fixed length control field 210210b2005 xxu||||| |||| 00| 0 eng d
020 ## - INTERNATIONAL STANDARD BOOK NUMBER
International Standard Book Number 8122503861
040 ## - CATALOGING SOURCE
Transcribing agency AL
082 ## - DEWEY DECIMAL CLASSIFICATION NUMBER
Classification number 658 VASB
100 ## - MAIN ENTRY--PERSONAL NAME
Personal name Vasishth, Neeru
9 (RLIN) 235406
245 ## - TITLE STATEMENT
Title Business organisation and management
260 ## - PUBLICATION, DISTRIBUTION, ETC.
Place of publication, distribution, etc. Allahabad
Name of publisher, distributor, etc. Kitab mahal
Date of publication, distribution, etc. 2005
300 ## - PHYSICAL DESCRIPTION
Extent xi,671p
690 ## - LOCAL SUBJECT ADDED ENTRY--TOPICAL TERM (OCLC, RLIN)
Topical term or geographic name as entry element Management
9 (RLIN) 235411
700 ## - ADDED ENTRY--PERSONAL NAME
Personal name Rajput, Namita
9 (RLIN) 235412
906 ## - LOCAL DATA ELEMENT F, LDF (RLIN)
a 061123
942 ## - ADDED ENTRY ELEMENTS (KOHA)
Source of classification or shelving scheme Dewey Decimal Classification
Koha item type Book
Holdings
Withdrawn status Lost status Damaged status Not for loan Collection code Home library Current library Shelving location Date acquired Source of acquisition Cost, normal purchase price Total Checkouts Full call number Barcode Date last seen Price effective from Koha item type
          St Aloysius Library St Aloysius Library   02/17/2021 West Coast Paper and Stationers Mangalore-1 180.00   658 VASB 061123 02/17/2021 02/17/2021 Book